Squadre con più Gol subiti in Serie B - Statistics

Statistiche generali
  • Questo quiz è stato fatto 20 volte
  • Il punteggio medio è 11 su 15
Statistiche sulle risposte
Gol subiti Squadra % Corretto
3 004 Brescia
95%
1 806 Bari
90%
2 461 Hellas Verona
80%
1 555 Padova
80%
1 611 Palermo
80%
2 202 Modena
75%
1 610 Venezia
75%
1 727 Vicenza
75%
1 478 Como
70%
1 780 Pescara
70%
1 499 Pisa
70%
1 605 Monza
65%
1 521 Salernitana
65%
1 420 Reggiana
60%
1 386 Novara
55%
Nessun quiz corrispondente trovato
Distribuzione punteggi
Percentuale di utenti per punteggio
Percentile per numero di risposta
I tuoi punteggi nel tempo
Non hai fatto questo quiz